| Tag |
First Indicator |
Second Indicator |
Subfields |
| LEADER |
00000cam a2200000Ia 4500 |
| 001 |
in00002298521 |
| 005 |
20190326203439.0 |
| 006 |
m | d | |
| 007 |
cr |n||||||||n |
| 008 |
910405s1762 fr s 000 0 fre d |
| 040 |
|
|
|a TXA
|c GKS
|d Thomson Gale
|d UtOrBLW
|
| 043 |
|
|
|a e-fr---
|
| 110 |
1 |
|
|a France.
|b Cour des monnaies.
|
| 245 |
1 |
0 |
|a Arrest de la Cour des monnoies, qui ordonne l'exécution de la déclaration du roi du 14 décembre 1689, sous les peines y portéesent enregistré en la cour : du 30 juin 1762.
|
| 264 |
|
1 |
|a Paris :
|b De l'Imprimerie royale,
|c 1762.
|
| 300 |
|
|
|a 4 pages
|
| 336 |
|
|
|a text
|b txt
|2 rdacontent
|
| 337 |
|
|
|a computer
|b c
|2 rdamedia
|
| 338 |
|
|
|a online resource
|b cr
|2 rdacarrier
|
| 500 |
|
|
|a Caption title.
|
| 500 |
|
|
|a Signed page 4: Gueudré.
|
| 500 |
|
|
|a "Extrait des registres de la Cour des monnoies."
|
| 500 |
|
|
|a Reproduction of original from Goldsmiths' Library, University of London.
|
| 500 |
|
|
|a Goldsmiths'-Kress number 09788.
|
| 510 |
4 |
|
|a OCLC,
|c 23378546
|
| 533 |
|
|
|a Electronic reproduction.
|b Farmington Hills, Mich. :
|c Thomson Gale,
|d 2005.
|f (The making of the modern world).
|n Available via the World Wide Web.
|n Access limited to licensing agreements.
|7 s2005 miunns
|
| 500 |
|
|
|a Electronic resource.
|
| 610 |
1 |
0 |
|a France.
|b Cour des monnaies
|v Records and correspondence.
|
| 650 |
|
0 |
|a Silver-plated ware
|z France.
|
| 650 |
|
0 |
|a Silverwork
|z France.
|
| 655 |
|
0 |
|a Electronic books.
|
| 700 |
1 |
|
|a Gueudré.
|
| 740 |
0 |
|
|a Arrêt du 30 juin 1762.
|
| 740 |
0 |
|
|a Arrêt que ordonne l'exécution de la déclaration du roi du 14 décembre 1689, sous les peines y portées.
|
| 830 |
|
0 |
|a Making of the modern world (Goldsmiths'-Kress Library of Economic Literature)
|
| 856 |
4 |
0 |
|u http://proxy.library.tamu.edu/login?url=http://galenet.galegroup.com/servlet/MOME?af=RN&ae=U101187100&srchtp=a&ste=14&locID=txshracd2898
|z Connect to the full text of this electronic book
|t 0
|
| 999 |
|
|
|a MARS
|
| 999 |
f |
f |
|s 6c1d88ef-4c8d-3edb-8b7d-8ae3242429b3
|i cc0f25d0-2c9b-3e12-8b47-9de8cca4445b
|t 0
|
| 952 |
f |
f |
|a Texas A&M University
|b College Station
|c Electronic Resources
|d Available Online
|t 0
|h No information provided
|
| 998 |
f |
f |
|t 0
|l Available Online
|